000 01018nam a2200265 i 4500
001 52950
003 ES-MaACL
005 20230906162656.0
007 t|
008 141111s2014 sp ||||1| spa d
020 _a978-84-8489-786-6 (Iberoamericana)
020 _a978-3-95487-332-6 (Vervuert)
080 _a821.134.2(64).09"19"
100 1 _aRicci, Cristián H.
_9155874
245 1 1 _a¡Hay moros en la costa!
_b: literatura marroquí fronteriza en castellano y catalán /
_cCristián H. Ricci.
260 _aMadrid :
_bIberoamericana ;
_aFrankfurt am Main :
_bVervuert,
_c2014.
300 _a287 p. ;
_c23 cm.
490 1 _aEdiciones de Iberoamericana ;
_v69
504 _aBibliografía: p. [253]-287. Índice.
650 0 4 _aLiteratura marroquí (Español)-
_xHistoria y crítica.
_914636
650 4 _aLiteratura marroquí-
_xAutores emigrantes-
_zEspaña-
_xHistoria y crítica.
_9155875
830 0 _aEdiciones de Iberoamericana ;
_v69
_9230226
852 _aES-MaACL
_jN-6315
999 _c52950
_d52950